Estudio de la Historia / (Record no. 146637)

MARC details
000 -LEADER
campo de control de longitud fija 00631nam a2200193 i 4500
001 - NÚMERO DE CONTROL
campo de control 146637
003 - IDENTIFICADOR DE NÚMERO DE CONTROL
campo de control ES-MaACL
005 - FECHA Y HORA DE LA ÚLTIMA TRANSACCIÓN
campo de control 20230906201620.0
007 - CAMPO FIJO DE DESCRIPCIÓN FÍSICA--INFORMACIÓN GENERAL
campo de control de longitud fija t|
008 - DATOS DE LONGITUD FIJA--INFORMACIÓN GENERAL
campo de control de longitud fija 070913s1952 ag ||||1| spa d
100 1# - ENTRADA PRINCIPAL--NOMBRE DE PERSONA
Nombre de persona Toynbee, Arnold Joseph.
9 (RLIN) 111194
245 10 - MENCIÓN DEL TÍTULO
Título Estudio de la Historia /
Mención de responsabilidad, etc. Arnold J. Toynbee ; compendio de los V. I-VI por D.C. Somervell ; [traducción de Luis Grasset].
260 ## - PUBLICACIÓN, DISTRIBUCIÓN, ETC.
Lugar de publicación, distribución, etc. Buenos Aires :
Nombre del editor, distribuidor, etc. Emecé,
Fecha de publicación, distribución, etc. [1952]
300 ## - DESCRIPCIÓN FÍSICA
Extensión 1 v. ;
Dimensiones 23 cm.
650 #4 - PUNTO DE ACCESO ADICIONAL DE MATERIA--TÉRMINO DE MATERIA
Término de materia o nombre geográfico como elemento de entrada Historia-
Subdivisión general Filosofía.
9 (RLIN) 13380
700 1# - ENTRADA AGREGADA--NOMBRE PERSONAL
Nombre de persona Somervell, D. C.
9 (RLIN) 107264
700 0# - ENTRADA AGREGADA--NOMBRE PERSONAL
Nombre de persona Grasset, Luis.
9 (RLIN) 59702
852 ## - LOCALIZACIÓN
Ubicación ES-MaACL
Número de control de estantería P-239
Sublocalización o colección R.36972
Holdings
Estatus retirado Estado de pérdida Estado de daño No para préstamo Biblioteca de origen Biblioteca actual Ubicación en estantería Fecha de adquisición Fuente de adquisición Total de préstamos Signatura topográfica completa Código de barras Visto por última vez Precio de reemplazo Tipo de ítem Koha
        Biblioteca del Ateneo de Madrid Biblioteca del Ateneo de Madrid Depósito 2 17/01/2008     P-239 1153044 23/02/2023 23/02/2023 Libro impreso